|
|
|
|
| LEADER |
00000nam2a2200000 4500 |
| 001 |
326413 |
| 005 |
20231102003847.0 |
| 020 |
|
|
|a RU
|b 81-31745ж
|
| 035 |
|
|
|a (RuTPU)RU\TPU\book\352061
|
| 090 |
|
|
|a 326413
|
| 100 |
|
|
|a 20161226d1981 k y0rusy5003 ca
|
| 101 |
0 |
|
|a rus
|
| 102 |
|
|
|a UA
|
| 105 |
|
|
|a a z 001zy
|
| 200 |
0 |
|
|a Вып. 13
|f отв. ред. Я. С. Подстригач
|
| 210 |
|
|
|d 1981
|
| 215 |
|
|
|d 25 см.
|a 116 с.
|c ил.
|
| 320 |
|
|
|a Библиография в конце статей
|
| 461 |
|
1 |
|0 (RuTPU)RU\TPU\book\163273
|t Математические методы и физико-механические поля
|o республиканский межведомственный сборник научных трудов
|f Академия наук Украинской ССР, Институт прикладных проблем механики и математики ; отв. ред. Я. С. Подстригач
|v Вып. 13
|d 1975-1991
|
| 606 |
1 |
|
|a Краевые задачи
|x (математическая физика)
|2 stltpush
|3 (RuTPU)RU\TPU\subj\69419
|9 84275
|
| 610 |
1 |
|
|a физико-механические поля
|
| 610 |
1 |
|
|a ветвящиеся цепные дроби
|
| 610 |
1 |
|
|a сходимость
|
| 610 |
1 |
|
|a матрицы второго порядка
|
| 610 |
1 |
|
|a инварианты
|
| 610 |
1 |
|
|a деформируемые твердые тела
|
| 610 |
1 |
|
|a механика
|
| 610 |
1 |
|
|a граничные условия
|
| 610 |
1 |
|
|a поверхностная энергия
|
| 610 |
1 |
|
|a уравнение Гельмгольца
|
| 610 |
1 |
|
|a дифференциальные уравнения
|
| 610 |
1 |
|
|a численное интегрирование
|
| 610 |
1 |
|
|a обыкновенные дифференциальные уравнения
|
| 610 |
1 |
|
|a лагранжианы
|
| 610 |
1 |
|
|a характеристические ряды
|
| 610 |
1 |
|
|a рост
|
| 610 |
1 |
|
|a нелинейные уравнения
|
| 610 |
1 |
|
|a периодические решения
|
| 675 |
|
|
|a 53:517
|z rus
|v 4
|
| 702 |
|
1 |
|a Подстригач
|b Я. С.
|4 340
|
| 801 |
|
0 |
|a RU
|b RuMRKP
|c 19950704
|g psbo
|
| 801 |
|
1 |
|a RU
|b 63413507
|c 20161226
|
| 801 |
|
2 |
|a RU
|b 63413507
|c 20171214
|g RCR
|
| 942 |
|
|
|c BK
|